000 01563nam a22004097a 4500
001 203
003 FISKH
005 20230303155440.0
008 230303b cb ||||| |||| 00| 0 eng d
020 _a0590638793
040 _aDLC
_cDLC
_dDLC
_dFISKH
_beng
042 _alcac
050 0 0 _aPZ7.P2197
_bJts 1994
082 0 0 _a813.54
_220
100 1 _aPark, Barbara.
245 1 0 _aJunie B. Jones and some sneaky peeky spying /
_cby Barbara Park ; illustrated by Denise Brunkus.
260 _aNew York :
_bScholastic
_c1994.
300 _a66 p. :
_bill. ;
_c20 cm.
490 1 _aThe Junie B. Jones series ;
_vv. 4
500 _aSeries title and number from v. 5.
500 _a"A First stepping stone book."
505 _aK
520 _aSix-year-old Junie B.'s penchant for spying on people and her curiosity about the private life of her teacher get her in trouble at kindergarten.
521 8 _a550
_bLexile
521 8 _aK
_bRaz-Plus
650 1 _aKindergarten
_xFiction.
650 1 _aSchools
_xFiction.
650 1 _aTeachers
_xFiction.
650 1 _aHumorous stories.
700 1 _aBrunkus, Denise,
_eill.
800 1 _aPark, Barbara.
_tJunie B. Jones series ;
_v#4.
856 4 2 _3Contributor biographical information
_uhttp://www.loc.gov/catdir/bios/random056/93005557.html
856 4 1 _3Sample text
_uhttp://www.loc.gov/catdir/samples/random044/93005557.html
856 4 2 _3Publisher description
_uhttp://www.loc.gov/catdir/description/random0410/93005557.html
906 _a7
_bcbc
_corignew
_d1
_eocip
_f19
_gy-gencatlg
942 _2ddc
_cBK
_n0
999 _c203
_d203